ASSE - Choix Multiples - Statistiques

Statistiques générales
  • Ce quiz a été pris 88 fois
  • Le résultat moyen est 8 sur 16
Statistiques - réponses
Question Réponse % Correct
Comment se nomme le stade ? Geoffroy Guichard
96%
Dans quel département le club de l'ASSE joue-t-il ? Loire
95%
Qu'a-t-elle remportée en 2013 ? Coupe de la Ligue
83%
Quel est le partenaire équipementier du club depuis 2022 ? Hummel
73%
Quel joueur a remporté le Ballon d'Or africain en 1970 lorsqu'il jouait au club ? Salif Keïta
73%
Qui est le meilleur buteur du club avec 211 réalisations ? Hervé Revelli
72%
Quand le club est-il devenu professionnel ? 1933
71%
En quelle année est-il fondé ? 1919
51%
En quelle année, la section féminine a vu le jour ? 1977
51%
Outre "Les Vertes", quel est le deuxième surnom de l'équipe féminine ? Les Amazones
41%
Quel est le seul joueur et président du club à avoir une tribune du stade à son nom ? Jean Snella
31%
Que s'est il passé en 1980 dans l'histoire du club ? Michel Platini est dans le top3 du Ballon d'Or pour l'ASSE
28%
Quel était le logo du club lorsqu'il à gagné son premier titre de Champion de France en deuxième division ?
19%
En quelle année ont-elles remportées la Coupe de France ? 2011
19%
Quel joueur stéphanois à été le plus sélectionné en Équipe de France lorsqu'il été au club ? Georges Bereta
13%
Quel footballeur a joué 533 matchs sous les couleurs de l'ASSE ? René Domingo
12%
Aucun quiz correspondant
Distribution des résultats
% des personnes avec chaque résultat
Percentile par nombre de réponses
Votre historique - résultats
Vous n’avez pas pris ce quiz